000 00735nam a2200217Ii 4500
003 JO-AjNU
008 230605s9999||||xx |||||||||||||| ||und||
017 _a2008/8/2940
040 _aJO-AjNU
_bara
_erda
_cJO-AjNU
041 _aara
050 1 4 _aLB1027.5.A28.2009
100 3 _aأبوأسعد،أحمد عبد اللطيف,
_eauthor
_928043
245 0 0 _aالإرشاد المدرسي بين النظرية والتطبيق
250 _aط1
264 3 1 _aعمان:دار المسيرة،2009
300 _a317ص
336 _atext
_btxt
_2rdacontent
337 _aunmediated
_bn
_2rdamedia
338 _avolume
_bnc
_2rdacarrier
650 4 _aالإرشاد التربوي-الإدارة التربوية-الإدارة
_928044
999 _aA10828
_c14396
_d14396